The Memoirs of Charles-Lewis, Baron de Pollnitz, Volume I Being the Observations He Made in His Late Travels from Prussia thro' Germany, Italy, France, Flanders, Holland, England, &C. in Letters to His Friend. Discovering Not Only the Present St

Saved in:
Bibliographic Details
Main Author: Pöllnitz, Karl Ludwig von
Format: eBook
Language:English
Published: Project Gutenberg, 2012
Series:Project Gutenberg 38495
Online Access:http://www.gutenberg.org/etext/38495
Rights
Tags: Add Tag
No Tags, Be the first to tag this record!
Call Number :

MARC

LEADER 00000cam a22000003a 4500
001 68545
003 MY-KLNDU
005 20241219030441.0
008 210402s2012||||xxu|||||s|||||000 i eng d
035 |a (PGUSA)38495 
039 9 |y 202104021618  |z VLOAD 
040 |a PGUSA  |b eng 
042 |a dc 
100 1 |a Pöllnitz, Karl Ludwig von 
245 1 4 |a The Memoirs of Charles-Lewis, Baron de Pollnitz, Volume I Being the Observations He Made in His Late Travels from Prussia thro' Germany, Italy, France, Flanders, Holland, England, &C. in Letters to His Friend. Discovering Not Only the Present St 
260 |b Project Gutenberg,  |c 2012 
500 |a Project Gutenberg 
506 |a Freely available. 
516 |a Electronic text 
599 |a Dummy Record 
830 0 |a Project Gutenberg  |v 38495 
856 4 0 |u http://www.gutenberg.org/etext/38495 
856 4 2 |u http://www.gutenberg.org/license  |3 Rights 
999 |a vtls000079582  |c 68545  |d 68545